• 首页
  • 本馆介绍
  • 公告通知
  • 最新文献
  • 馆藏检索
  • 电子资源
  • 读者导购
  • 参考咨询
  • 我的图书馆
  • 登录
  • 详细信息显示
  • 放入我的书架
  • 预约/预借图书
  • 作者相关作品
  • 分类相关作品
  • 丛书相关作品
  • 出版社相关作品

书目信息

  • 表格格式
  • 工作单格式
  • 卡片格式
题名:
理念指路
    
 
作者: 张先华 著
分册:  
出版信息: 成都   四川大学出版社  2013.06
页数: 389页
开本: 21cm
丛书名:
单 册:
中图分类: G623.202
科图分类:
主题词: 小学语文课--教学研究 , 小学语文课 , 教学研究
电子资源:
ISBN: 978-7-5614-6847-0
000 01066nam0 2200289 450
001 0103152643
005 20201103152729.0
010    @a978-7-5614-6847-0@dCNY59.80
100    @a20140429e20202013em y0chiy50 ea
101 0  @achi
102    @aCN@b510000
105    @ay z 000yy
106    @ar
200 1  @a理念指路@Ali nian zhi lu@e语文教育观念的革命@e语文教育的25组不等式@f张先华著
210    @a成都@c四川大学出版社@d2013.06@h2020.04
215    @a389页@d21cm
300    @a国家教师教育创新平台西南地区教师教育共建共享优质课程资源
330    @a本书论述的语文教育的25组不等式,就是语文教师要转变的25个语文教育观念。全书共六篇,包括课程观、价值观、教材观、教学观、教师观和知识观。
517 1  @a语文教育观念的革命@Ayu wen jiao yu guan nian de ge ming
517 1  @a语文教育的25组不等式@Ayu wen jiao yu de 25 zu bu deng shi
606 0  @a小学语文课@x教学研究
606 0  @a小学语文课
606 0  @a教学研究
690    @aG623.202@v5
701  0 @a张先华@Azhang xian hua@f(1963~)@4著
801  0 @aCN@bBJSZM@c20201103
905    @b1255411-5@dG623.202@e1022@f5
    
    理念指路:语文教育观念的革命:语文教育的25组不等式/张先华著.-成都:四川大学出版社,2013.06(2020.04)
    389页;21cm
    国家教师教育创新平台西南地区教师教育共建共享优质课程资源
    
    ISBN 978-7-5614-6847-0:CNY59.80
    本书论述的语文教育的25组不等式,就是语文教师要转变的25个语文教育观念。全书共六篇,包括课程观、价值观、教材观、教学观、教师观和知识观。
●
相关链接 在E读中查询图书 在五车中查询图书 在当当中查询图书 在豆瓣中查询图书


正题名:理念指路     索取号:G623.202/1022         预约/预借

序号 登录号 条形码 馆藏地/架位号 状态 备注
1 1255411   212554118   第一样本阅览室/ [索取号:G623.202/1022] 在馆    
2 1255412   212554127   教育系资料室/ [索取号:G623.202/1022] 在馆    
3 1255413   212554136   教育系资料室/ [索取号:G623.202/1022] 在馆    
4 1255414   212554145   第四借阅区/ [索取号:G623.202/1022] 在馆    
5 1255415   212554154   第四借阅区/ [索取号:G623.202/1022] 在馆    
唐山师范学院图书馆 欢迎您!
大连网信软件有限公司© 版权所有